=LDR 00000nam 2200000 4500 =001 INLIS000000000002686 =005 20130612091017 =008 ***********************************Ind** =035 ##$$0010-061300000002686 =041 ##$$a Ind =082 ##$$a 398.209 598 221 2 =090 ##$$a 398.209 598 221 2, Win a =100 ##$$a Winajarko, Bambang =245 ##$$a Amanat adipati Arya Wirasaba, Bambang Winajarko =260 ##$$a 1999 $b Bandung =300 ##$$a 48 hlm, ilus, 21 cm =650 ##$$a Cerita Rakyat =650 ##$$a Banyumas =850 ##$$a NBPNMAT